Normal view
MARC view
- Dr. Zubair Rehman,
Entry Personal Name
001 - CONTROL NUMBER
- control field: 30805
003 - CONTROL NUMBER IDENTIFIER
- control field: NUST
005 - DATE AND TIME OF LATEST TRANSACTION
- control field: 20200925150829.0
008 - FIXED-LENGTH DATA ELEMENTS
- fixed length control field: 200925|| aca||aabn | a|a d
040 ## - CATALOGING SOURCE
- Original cataloging agency: NUST
- Transcribing agency: NUST
100 ## - HEADING--PERSONAL NAME
- Personal name: Dr. Zubair Rehman,
670 ## - SOURCE DATA FOUND
- Source citation: Work cat.: (NUST): Mahmood, Ahmad ; Shaeer Zafar, Syed ; Muhammd Armughan Bukhar, Syed 30804, Design and Control of a MIMO Power Electronics Converter for HEV Applications /, 2019.
